Welcome to CU Library Online Public Access Catalogue (OPAC)

The complete works of E.M. Bounds on prayer. (Record no. 7504)

MARC details
000 -LEADER
fixed length control field 00568cam a2200193 a 4500
001 - CONTROL NUMBER
control field 4855306
005 - DATE AND TIME OF LATEST TRANSACTION
control field 20250910105101.0
008 - FIXED-LENGTH DATA ELEMENTS--GENERAL INFORMATION
fixed length control field 910105s1990 miu 000 0 eng
020 ## - INTERNATIONAL STANDARD BOOK NUMBER
International Standard Book Number 0801009855
020 ## - INTERNATIONAL STANDARD BOOK NUMBER
International Standard Book Number 9780801009853
050 00 - LIBRARY OF CONGRESS CALL NUMBER
Classification number BV210.2
Item number .B6752 1990
082 00 - DEWEY DECIMAL CLASSIFICATION NUMBER
Classification number 248.3/2
Edition information 20
100 1# - MAIN ENTRY--PERSONAL NAME
Personal name Bounds, Edward M.
Fuller form of name (Edward McKendree),
Dates associated with a name 1835-1913.
245 14 - TITLE STATEMENT
Title The complete works of E.M. Bounds on prayer.
260 ## - PUBLICATION, DISTRIBUTION, ETC.
Place of publication, distribution, etc. Grand Rapids, Mich. :
Name of publisher, distributor, etc. Baker Book House,
Date of publication, distribution, etc. c1990.
300 ## - PHYSICAL DESCRIPTION
Extent 568 p. ;
Dimensions 23 cm.
650 #0 - SUBJECT ADDED ENTRY--TOPICAL TERM
Topical term or geographic name entry element Prayer
General subdivision Christianity.
942 ## - ADDED ENTRY ELEMENTS (KOHA)
Source of classification or shelving scheme Library of Congress Classification
Koha item type Books
Suppress in OPAC No
999 ## -
-- 7504
-- 7504
Holdings
Withdrawn status Lost status Source of classification or shelving scheme Damaged status Not for loan Collection Home library Current library Shelving location Date acquired Total checkouts Barcode Date last seen Copy number Price effective from Koha item type
    Library of Congress Classification     Non-fiction Undergraduate Library (Christ Temple) Undergraduate Library (Christ Temple) General stacks 09/10/2025   ULCT00004686 09/10/2025 1 09/10/2025 Books
© 2023-2024 Copyright: Central University Libraries. All Rights Reserved | Created by: Mahone Tech Office